<?xml version="1.0" encoding="UTF-8"?>
<record
    xmlns:xsi="http://www.w3.org/2001/XMLSchema-instance"
    xsi:schemaLocation="http://www.loc.gov/MARC21/slim http://www.loc.gov/standards/marcxml/schema/MARC21slim.xsd"
    xmlns="http://www.loc.gov/MARC21/slim">

  <leader>00335nam a22001217a 4500</leader>
  <datafield tag="040" ind1=" " ind2=" ">
    <subfield code="c">SY</subfield>
  </datafield>
  <datafield tag="082" ind1=" " ind2=" ">
    <subfield code="a">630</subfield>
  </datafield>
  <datafield tag="100" ind1=" " ind2=" ">
    <subfield code="a">&#x1780;&#x17D2;&#x179A;&#x179F;&#x17BD;&#x1784;</subfield>
  </datafield>
  <datafield tag="245" ind1=" " ind2=" ">
    <subfield code="a">&#x1796;&#x17D2;&#x179A;&#x17B9;&#x178F;&#x17D2;&#x178F;&#x17B7;&#x1794;&#x178F;&#x17D2;&#x179A;&#x17D0;&#x179F;&#x17D2;&#x1790;&#x17B7;&#x178F;&#x17B7;&#x1793;&#x17B7;&#x1784;&#x179F;&#x17B7;&#x1780;&#x17D2;&#x179F;&#x17B6;&#x1780;&#x179F;&#x17B7;&#x1780;&#x1798;&#x17D2;&#x1798;</subfield>
  </datafield>
  <datafield tag="260" ind1=" " ind2=" ">
    <subfield code="a">RUA</subfield>
    <subfield code="b">&#x1780;&#x17D2;&#x179A;&#x179F;&#x17BD;&#x1784;</subfield>
    <subfield code="c">1993</subfield>
  </datafield>
  <datafield tag="300" ind1=" " ind2=" ">
    <subfield code="a">43p.</subfield>
  </datafield>
  <datafield tag="942" ind1=" " ind2=" ">
    <subfield code="c">KB</subfield>
  </datafield>
  <datafield tag="999" ind1=" " ind2=" ">
    <subfield code="c">9798</subfield>
    <subfield code="d">9798</subfield>
  </datafield>
  <datafield tag="952" ind1=" " ind2=" ">
    <subfield code="0">0</subfield>
    <subfield code="1">0</subfield>
    <subfield code="4">0</subfield>
    <subfield code="6">630_000000000000000_&#x1780;&#x179F;&#x17B7;&#x1780;&#x1798;&#x1798;_1993_C241</subfield>
    <subfield code="7">0</subfield>
    <subfield code="9">51976</subfield>
    <subfield code="a">LBC</subfield>
    <subfield code="b">LBC</subfield>
    <subfield code="c">C241</subfield>
    <subfield code="d">2016-09-12</subfield>
    <subfield code="o">630 &#x1780;&#x179F;&#x17B7;&#x1780;&#x1798;&#x17D2;&#x1798; 1993 C241</subfield>
    <subfield code="p">RUA045398</subfield>
    <subfield code="r">2016-09-12</subfield>
    <subfield code="y">KB</subfield>
  </datafield>
</record>
